LEADER 01401nam a2200265 4500 001 000000357555 003 CaOOAMICUS 005 20240314080514.0 008 240313s2018 it a c 000 u ita r 020 $a978-88-7511-340-7 040 $aSeMil$bita 245 03$aIl momento del riscatto :$bPalazzo Arese Borromeo : dalla rovina a proprietà comunale /$cFerdinando Zanzottera (a cura di) 264 1$aMissaglia :$bBellavite ;$a[Cesano Maderno] :$bCittà di Cesano Maderno : Istituto per la storia dell'arte moderna,$c2018. 300 $a267 p. :$bill. ;$c21x30 cm 585 $aMostra tenuta a Cesano Maderno nel 2018 650 4$aCesano Maderno - Palazzo Arese Borromeo.$0(OLS)http://semarc/subject/55145 700 1 $aZanzottera, Ferdinando.$0(OLS)http://semarc/name/42251 850 $aSeMil 852 $aSeMil$W1$xVenegono$y1$m5K I 59$j246890$B248731$CSeMilBibl$Z2$F248731 $81 961 $aPagani don Isacco - Omaggio 996 $6020$a978-88-7511-340-7$9(OLS)http://semarc/number/299964 996 $6245$aIl momento del riscatto :$bPalazzo Arese Borromeo : dalla rovina a proprietà comunale$9(OLS)http://semarc/title/447814 996 $6264$aMissaglia :$bBellavite$9(OLS)http://semarc/publisher/32362 996 $6264$a[Cesano Maderno] :$bCittà di Cesano Maderno : Istituto per la storia dell'arte moderna$9(OLS)http://semarc/publisher/61637 LEADER 00937nam a2200229 i 4500 001 000000164387 003 CaOOAMICUS 005 20211203144929.0 008 070913s1962 it u000 u ita u 013 $a141755 040 $aSeMil$bita 100 1 $aAdami, Casimiro,$d<1874-1960>.$0(OLS)http://semarc/name/61780 245 10$aAlcuni poemetti latini del Pascoli :$binterpretazioni /$cCasimiro Adami. 264 1$aVerona :$b[s.n.],$c1962$e(Verona :$fLinotipia Veronese) 300 $a143 p. ;$c25 cm. 650 4$aPascoli, Giovanni <1855-1912> - Opere latine.$0(OLS)http://semarc/subject/32369 850 $aSeMil 852 $aSeMil$W1$xVenegono$y1$m1O V 291$j246212$B115654$CSeMilBibl$Z2$F126537 $81 961 $aRecupero: Altro 996 $6245$aAlcuni poemetti latini del Pascoli :$binterpretazioni$9(OLS)http://semarc/title/234540 996 $6264$aVerona :$b[s.n.]$9(OLS)http://semarc/publisher/30782